Normal view
MARC view
- Faiz Ahmed Faiz
Entry Personal Name
001 - CONTROL NUMBER
- control field: 13462
003 - CONTROL NUMBER IDENTIFIER
- control field: NUST
005 - DATE AND TIME OF LATEST TRANSACTION
- control field: 20190125131742.0
008 - FIXED-LENGTH DATA ELEMENTS
- fixed length control field: 190125|| aca||aabn | a|a d
040 ## - CATALOGING SOURCE
- Original cataloging agency: NUST
- Transcribing agency: NUST
100 ## - HEADING--PERSONAL NAME
- Personal name: Faiz Ahmed Faiz
670 ## - SOURCE DATA FOUND
- Source citation: Work cat.: (NUST): Faiz Ahmed Faiz, A Song for this Day (Aaj kay Naam)
